Industrial Marketing Analysis, Planning, and Control

Gespeichert in:
Bibliographische Detailangaben
1. Verfasser: Reeder, Robert R.
Weitere Verfasser: Brierty, Edward G., Reeder, Betty H.
Format: Buch
Sprache:Englisch
Veröffentlicht: Englewood Cliffs Prentice-Hall 1991
Ausgabe:2. ed.
Schlagworte:
Tags: Tag hinzufügen
Keine Tags, Fügen Sie das erste Tag hinzu!

MARC

LEADER 00000nam a2200000 4500
001 c001081
005 20221214102109.9
020 |a 0-13-457110-X 
041 0 |a eng 
044 |a US 
245 1 0 |a Industrial Marketing  |b Analysis, Planning, and Control  |c Robert R. Reeder, Edward G. Brierty, Betty H. Reeder 
250 |a 2. ed. 
264 1 |a Englewood Cliffs  |b Prentice-Hall  |c 1991 
300 |a 670 s. 
610 2 0 |a priemysel 
610 2 0 |a marketing 
610 2 0 |a analýza trhu 
610 2 0 |a plánovanie strategické 
610 2 0 |a riadenie strategické 
610 2 0 |a podnik priemyselný 
610 2 0 |a stratégia podniková 
610 2 0 |a správanie 
610 2 0 |a plánovanie výroby 
610 2 0 |a tvorba cien 
610 2 0 |a trh medzinárodný 
100 1 |a Reeder, Robert R. 
700 1 |a Brierty, Edward G. 
700 1 |a Reeder, Betty H.